书目信息 |
| 题名: |
材料力学
|
|
| 作者: | 陆耀洪 , 孙训方 , 方孝淑 编 | |
| 分册: | 上册 | |
| 出版信息: | 北京 人民教育出版社 1964 |
|
| 页数: | 207页 | |
| 开本: | 19cm | |
| 丛书名: | ||
| 单 册: | ||
| 中图分类: | TB301 | |
| 科图分类: | ||
| 主题词: | 工程材料 | |
| 电子资源: | ||
| ISBN: | ||
| 000 | 00630nam0 2200229 45 | |
| 001 | 0405201523 | |
| 005 | 20060819090117.87 | |
| 010 | @dCNY0.85 | |
| 091 | @a15012.062 | |
| 100 | @a20040520d1964 km y0chiy0120 ea | |
| 101 | 0 | @achi |
| 200 | 1 | @a材料力学@ACai Liao Li Xue@h上册@f孙训方,方孝淑,陆耀洪编@Fsun xun fang,fang xiao shu,lu yao hong bian |
| 210 | @a北京@c人民教育出版社@d1964 | |
| 215 | @a207页@d19cm | |
| 300 | @a高等学校教材 | |
| 606 | 0 | @a工程材料 |
| 690 | @aTB301@v3 | |
| 701 | 0 | @a陆耀洪@Alu yao hong@4编 |
| 701 | 0 | @a孙训方@4编 |
| 701 | 0 | @a方孝淑@4编 |
| 801 | @aCN@bPftUser@c20060819 | |
| 905 | @dTB301@e106:1 | |
| 材料力学.上册/孙训方,方孝淑,陆耀洪编.-北京:人民教育出版社,1964 |
| 207页;19cm |
| 高等学校教材 |
| ISBN :CNY0.85 |
| ● |
| 相关链接 |
|
|
|
|
正题名:材料力学
索取号:TB301/106:1
 
预约/预借
| 序号 | 登录号 | 条形码 | 馆藏地/架位号 | 状态 | 备注 |
| 1 | 0011703 | 202332109 | 密集书库/ [索取号:TB301/106:1] | 在馆 | |
| 2 | 0011704 | 202332038 | 密集书库/ [索取号:TB301/106:1] | 在馆 | |
| 3 | 0437596 | 204375960 | 密集书库/ [索取号:TB301/106:1] | 在馆 | |
| 4 | 0437597 | 204375979 | 密集书库/ [索取号:TB301/106:1] | 在馆 | |
| 5 | 0437598 | 204375988 | 密集书库/ [索取号:TB301/106:1] | 在馆 | |
| 6 | 0437901 | 204379010 | 密集书库/ [索取号:TB301/106:1] | 在馆 | |
| 7 | 0437902 | 204379029 | 密集书库/ [索取号:TB301/106:1] | 在馆 | |
| 8 | 0437903 | 204379038 | 密集书库/ [索取号:TB301/106:1] | 在馆 | |
| 9 | 0437905 | 204379056 | 密集书库/ [索取号:TB301/106:1] | 在馆 | |
| 10 | 0437906 | 204379065 | 密集书库/ [索取号:TB301/106:1] | 在馆 | |
| 11 | 0437907 | 204379074 | 密集书库/ [索取号:TB301/106:1] | 在馆 | |
| 12 | 0437908 | 204379083 | 密集书库/ [索取号:TB301/106:1] | 在馆 | |
| 13 | 0438094 | 204380945 | 密集书库/ [索取号:TB301/106:1] | 在馆 | |
| 14 | 0438172 | 204381720 | 密集书库/ [索取号:TB301/106:1] | 在馆 | |
| 15 | 0439211 | 204392111 | 密集书库/ [索取号:TB301/106:1] | 在馆 | |
| 16 | 0439212 | 204392120 | 密集书库/ [索取号:TB301/106:1] | 在馆 | |
| 17 | 0458932 | 204589329 | 密集书库/ [索取号:TB301/106:1] | 在馆 | |
| 18 | 0458933 | 204589338 | 密集书库/ [索取号:TB301/106:1] | 在馆 |